Statistics for UK Fashion High Street Shops

Click here to take the quiz!

General Stats

  • This quiz has been taken 1,328 times
    (1,276 since last reset)
  • The average score is 7 of 23

Answer Stats

Answer% Correct
Topshop
78%
H&M
68%
New Look
67%
Primark
67%
River Island
61%
Debenhams
43%
Topman
39%
Dorothy Perkins
37%
Miss Selfridge
28%
Marks & Spencers
27%
Burton
25%
Monsoon
24%
BHS
23%
Peacocks
19%
House of Fraser
17%
Selfridges
17%
Matalan
16%
Wallis
14%
Accessorize
9%
Republic
8%
French Connection
5%
Crew Clothing
2%
Pilot
1%

Score Distribution

Percentile by Number Answered

Percent of People with Each Score

Your Score History

You have not taken this quiz since the last reset